Pathways to God : (Record no. 40415)
[ view plain ]
| 000 -LEADER | |
|---|---|
| fixed length control field | 01126nam a22002417a 4500 |
| 005 - DATE AND TIME OF LATEST TRANSACTION | |
| control field | 20100809152538.0 |
| 010 ## - LCCN (DPL NO) | |
| LC control number | ENG-99060 ENG-101357 |
| 020 ## - INTERNATIONAL STANDARD BOOK NUMBER | |
| International Standard Book Number | 9788172086886 |
| 020 ## - INTERNATIONAL STANDARD BOOK NUMBER | |
| International Standard Book Number | 9788172087043 |
| Terms of availability | 140.00 |
| 020 ## - INTERNATIONAL STANDARD BOOK NUMBER | |
| International Standard Book Number | 9788172087395 |
| Terms of availability | 100.00 |
| 035 ## - SYSTEM CONTROL NUMBER | |
| System control number | EN-82592-84890 |
| 037 ## - SOURCE OF ACQUISITION | |
| Source of stock number/acquisition | DBAD/PUB |
| 082 ## - DEWEY DECIMAL CLASSIFICATION NUMBER | |
| Classification number | 230.35 |
| 100 ## - MAIN ENTRY--PERSONAL NAME | |
| Personal name | Roof, Jonathan |
| 245 ## - TITLE STATEMENT | |
| Title | Pathways to God : |
| Remainder of title | an advanced study guide to select teachings of Sri Sathya Sai Baba on self-realisation / |
| Statement of responsibility, etc | by Jonathan Roof |
| 260 ## - PUBLICATION, DISTRIBUTION, ETC. (IMPRINT) | |
| Place of publication, distribution, etc | Prasanthi Nilayam |
| Name of publisher, distributor, etc | Sri Sathya Sai Sadhana Trust |
| Date of publication, distribution, etc | 2009 |
| 270 ## - ADDRESS | |
| Address | Anantapur District, Andhra Pradesh |
| City | Prasanthi Nilayam |
| Postal code | 515134 |
| 300 ## - PHYSICAL DESCRIPTION | |
| Extent | V.3 (xii,345p, ix,207p) |
| Dimensions | 22cm (pbk) |
| Accompanying material | photo |
| 500 ## - GENERAL NOTE | |
| General note | Includes bibliographical references |
| 942 ## - ADDED ENTRY ELEMENTS (KOHA) | |
| Source of classification or shelving scheme | Dewey Decimal Classification |
| Item type | English Books |
| Classification part | 230.35 |
| Call number suffix | ROO |
| Withdrawn status | Lost status | Materials specified (bound volume or other part) | Not for loan | Collection code | Home library | Current library | Date acquired | Source of acquisition | Cost, normal purchase price | Full call number | Barcode | Copy number | Cost, replacement price | Koha item type | Public note |
|---|---|---|---|---|---|---|---|---|---|---|---|---|---|---|---|
| V.3 | Not For Loan | Non-fiction | D.B.Act.Division | D.B.Act.Division | 09/08/2010 | DBAD/PUB | 140.00 | 230.35 ROO | EN-82592 | 1 | 140.00 | English Books | V.3 | ||
| v.1 | Not For Loan | Non-fiction | D.B.Act.Division | D.B.Act.Division | 23/08/2010 | DBAD/PUB | 100.00 | 230.35 ROO | EN-84890 | 1 | 100.00 | English Books | v 1 |
